000 00508nam a2200169 i 4500
001 30538
003 ES-MaACL
005 20230906154218.0
007 t|
008 030124s1969 sp ||||1| spa d
100 1 _aBeltrán, Lucas.
_927346
245 1 3 _aEl gasto público en la agricultura
_b: (1958-1965) /
_cLucas Beltrán y Alberto Oliart.
260 _aMadrid :
_bMoneda y Crédito,
_c1969.
300 _a107 p. ;
_c24 cm.
700 1 _aOliart, Alberto.
_986713
852 _aES-MaACL
_jC-45576
_bR.72116
999 _c30538
_d30538